| 000 | 00650cam a2200229 4500 | ||
|---|---|---|---|
| 001 | 765844 | ||
| 005 | 20180314044540.0 | ||
| 008 | 720811m19729999nyua b 101 0 eng | ||
| 010 | _a 70186585 | ||
| 020 | _a0808907557 (v. 1) | ||
| 040 |
_aDLC _cDLC _dDLC |
||
| 041 | _aeng | ||
| 060 | _aWG 140 A244 | ||
| 080 | _a616.120754 SCH | ||
| 082 | 0 | 0 | _a616.120754 SCH |
| 100 | _a7 | ||
| 101 | _aKAR | ||
| 245 | 0 | 0 |
_aAdvances in electrocardiography, _cby J. A. Abildskov [and others] Edited by Robert C. Schlant and J. Willis Hurst. |
| 504 | _aIncludes bibliographies. | ||
| 906 |
_a7 _bcbc _corignew _d2 _encip _f19 _gy-gencatlg |
||
| 942 |
_2ddc _cBK |
||
| 999 |
_c44949 _d44949 |
||